Introducción a la econmía: mircroeconomía (Registro nro. 13499)

Detalles MARC
000 -Cabecera
Campo de control de longitud fija 00856nam a22003137a 4500
005 - Fecha y hora de la última transacción
Campo de control 20250818143307.0
008 - Elementos de longitud fija--Información general
Campo de control de longitud fija 230303b2007 |||||||| |||| 00| 0 spa d
020 ## - International Standard Book Number
Número Internacional Estándar del Libro (ISBN) 97829126310
041 ## - Idioma
Código de idioma Español
082 ## - Clasificación Decimal Dewey
Número de clasificación 338.5 K94m
100 ## - Entrada principal--Autor personal
Nombre personal Krugman, Paul
100 ## - Entrada principal--Autor personal
Nombre personal Wells, Robin
245 ## - Título propiamente dicho
Título Introducción a la econmía: mircroeconomía
260 ## - Pie de imprenta
Lugar de publicación, distribución, etc. España
Nombre del editor, distribuidor, etc. Reverté
Fecha de publicación, distribución, etc. 2007
300 ## - Descripción física
Extensión 537 páginas
490 ## - Serie
Título de la Serie Dirección y Administración de Empresas
650 ## - Materia general
Temática (materia general) ECONOMÍA
650 ## - Materia general
Temática (materia general) MICROECONOMÍA
650 ## - Materia general
Temática (materia general) OFERTA Y DEMANDA
650 ## - Materia general
Temática (materia general) AGENTES Y MERCADOS
650 ## - Materia general
Temática (materia general) PRODUCTOR
650 ## - Materia general
Temática (materia general) CONSUMIDOR
650 ## - Materia general
Temática (materia general) MERCADOS
650 ## - Materia general
Temática (materia general) ESTRUCTURA DE MERCADO
650 ## - Materia general
Temática (materia general) AMPLIACIÓN DE LOS LÍMITES DEL MERCADO
650 ## - Materia general
Temática (materia general) POLÍTICA PÚBLICA
650 ## - Materia general
Temática (materia general) DIRECCIONES PARA MERCADOS
942 ## - Punto de acceso adicional KOHA
Tipo de ítem KOHA Libro
Fuente del sistema de clasificación o colocación Dewey Decimal Classification
Existencias
Signatura completa Código de barras Programa Académico Tipo de ítem
338.5 K94m 14577 Dirección y Administración de Empresas Libro
338.5 K94m 9453 Dirección y Administración de Empresas Libro